000
00316 a2200157 4500
001
62180
020
_a
9780521712941
040
_c
Anchieta - Pituba
100
_a
Stranks, Jeff
240
1
0
_a
More!
_l
eng
245
1
0
_a
More!
300
_a
80
362
0
_a
2008
650
4
_a
Inglês e inglês antigo
942
_c
BK
999
_c
62180
_d
62180